KOHA-Header-6

Mastering Modern European History (Record no. 10018)

000 -LEADER
fixed length control field 00267nam a2200109Ia 4500
100 ## - MAIN ENTRY--AUTHOR NAME
Personal name Stuart T. Miller
245 #0 - TITLE STATEMENT
Title Mastering Modern European History
260 ## - PUBLICATION, DISTRIBUTION, ETC. (IMPRINT)
Place of publication India
Name of publisher Oxford
Year of publication 2004
300 ## - PHYSICAL DESCRIPTION
Number of Pages 263
942 ## - ADDED ENTRY ELEMENTS (KOHA)
Koha item type Books
Holdings
Withdrawn status Lost status Collection code Permanent Location Current Location Shelving location Date acquired Full call number Accession Number Koha item type
    English Literature MAJU MAJU Shelf No.A14 2019-09-14 940.2 6097 English Literature

Powered by Koha